00690nai a2200169Ia 4500003000900000008004100009022002200050022002300072040001600095245008800111260008600199310001200285362002700297521006900324650003900393856008800432IN-BaIIA211028c9999 xx s 000 0 eng d a0885-3010 (Print) a1525-8955 (Online) cIIA Library 0aIEEE Transactions on Ultrasonics, Ferroelectrics, and Frequency Controlh[eJournal] aNew York, USAbThe Institute of Electrical and Electronics Engineers, Inc. (IEEE) aMonthly a33(1); 1986 - Present  bSubscribed through National Knowledge Resource Consortium (NKRC) aFields, Waves and Electromagnetics uhttps://ieeexplore.ieee.org/servlet/opac?punumber=58yClick Here to Access eJournal